[Event "AUTO-ADV-1642"]
[Site "http://www.queenalice.com/game.php?id=726651"]
[Date "2010.2.6"]
[Round "1"]
[White "BIGJACK"]
[Black "Viper_SB"]
[Result "1-0"]
[WhiteElo "1803"]
[BlackElo "1642"]

1. e4 e5 2. Nf3 d6 3. d4 exd4 4. Nxd4 Nc6 5. c3 Nxd4 6. cxd4 g6 7. Nc3 Bg7 8.
Be3 Nh6 9. Bd3 O-O 10. Qd2 b6 11. Bxh6 c5 12. Bxg7 Kxg7 13. d5 a6 14. O-O b5 15.
Bc2 b4 16. Ne2 a5 17. Nf4 Ba6 18. Bd3 Bxd3 19. Qxd3 Qf6 20. Qd2 Rfe8 21. Rae1
Re5 22. Nd3 Rh5 23. Re3 g5 24. Rg3 Re8 25. f3 c4 26. Nf4 Rh4 27. Rxg5+ Kh8 28.
Nh5 Qd8 29. Qd4+ f6 30. Nxf6 Re5 31. Rg8+ Qxg8 32. Nxg8 Kxg8 33. Qb6 Rh6 34.
Qxa5 Reh5 35. h3 Kf7 36. Qxb4 Rg5 37. Kh2 Rhg6 38. Rf2 h5 39. Qxc4 Rg8 40. Qc7+
Ke8 41. Qxd6 R5g6 42. Qe5+ Kd7 43. a4 Rd6 44. b4 Kc7 45. b5 Rd8 46. Rc2+ Kb7 47.
a5 R8d7 48. Rc6 Rxc6 49. bxc6+ 1-0

[Event "AUTO-ADV-1642"]
[Site "http://www.queenalice.com/game.php?id=726652"]
[Date "2010.2.6"]
[Round "1"]
[White "Viper_SB"]
[Black "BIGJACK"]
[Result "1-0"]
[WhiteElo "1634"]
[BlackElo "1873"]

1. d4 d5 2. e3 Nf6 3. Nf3 Bg4 4. h3 Bxf3 5. Qxf3 e6 6. Bd3 Nc6 7. Nc3 a6 8. O-O
Be7 9. a3 O-O 10. b4 Bd6 11. Na2 b5 12. e4 dxe4 13. Bxe4 Nxe4 14. Qxe4 Ne7 15.
c3 f5 16. Qxe6+ Kh8 17. Qb3 Ng6 18. c4 Bf4 19. Bxf4 Nxf4 20. cxb5 Qxd4 21. Rad1
Qe4 22. f3 Qb7 23. Qe3 Ng6 24. Qc3 Qxb5 25. Rd4 Qb6 26. Kh1 f4 27. Rd7 Rf6 28.
Rfd1 c6 29. Nc1 Re8 30. Re1 Rxe1+ 31. Qxe1 Rf8 32. Qc3 Rg8 33. Nd3 h5 34. Ne5
Nxe5 35. Qxe5 Qb5 36. Qxf4 c5 37. Rd5 Qf1+ 38. Kh2 cxb4 39. Rxh5# 1-0

[Event "AUTO-ADV-1642"]
[Site "http://www.queenalice.com/game.php?id=726659"]
[Date "2010.2.6"]
[Round "1"]
[White "LeroyGreat"]
[Black "Viper_SB"]
[Result "1-0"]
[WhiteElo "1758"]
[BlackElo "1670"]

1. e4 e5 2. Nf3 d6 3. d4 Nf6 4. Bg5 Be7 5. dxe5 dxe5 6. Qxd8+ Bxd8 7. Nxe5 Be6
8. Nc3 h6 9. Be3 b6 10. Bb5+ Bd7 11. Nxd7 Nbxd7 12. e5 Nh7 13. O-O-O Be7 14.
Rxd7 a6 15. Bc6 Rd8 16. Rhd1 Rxd7 17. Rxd7 O-O 18. Rxe7 Ng5 19. Bxg5 hxg5 20.
Bd5 g6 21. Ne4 g4 22. Ng5 c5 23. Bxf7+ Rxf7 24. Rxf7 a5 25. e6 1-0

[Event "AUTO-ADV-1642"]
[Site "http://www.queenalice.com/game.php?id=726660"]
[Date "2010.2.6"]
[Round "1"]
[White "Viper_SB"]
[Black "LeroyGreat"]
[Result "0-1"]
[WhiteElo "1644"]
[BlackElo "1797"]

1. d4 d5 2. e3 Nf6 3. Nf3 e6 4. g3 c5 5. Bg2 Nc6 6. O-O Bd6 7. c3 e5 8. dxe5
Nxe5 9. Nxe5 Bxe5 10. Na3 O-O 11. Nc2 b5 12. a3 c4 13. Nd4 Bd7 14. b3 Ne4 15.
Bxe4 dxe4 16. bxc4 bxc4 17. a4 Bh3 18. Re1 f5 19. Ba3 Rf6 20. Nb5 g5 21. Qh5 g4
22. Qg5+ Kh8 23. Rad1 Qg8 24. Qxg8+ Kxg8 25. Rd5 a6 26. Rxe5 axb5 27. Rxb5 Rxa4
28. Bb4 Rfa6 29. Rd5 Ra1 30. Rdd1 Rxd1 31. Rxd1 Ra2 32. Bc5 Kf7 33. Bd4 Ke6 34.
Bh8 Ra5 35. f4 gxf3 36. Rd2 Ra1+ 37. Kf2 Rf1# 0-1

[Event "AUTO-ADV-1708"]
[Site "http://www.queenalice.com/game.php?id=753575"]
[Date "2010.3.29"]
[Round "1"]
[White "Viper_SB"]
[Black "donnybaby"]
[Result "0-1"]
[WhiteElo "1649"]
[BlackElo "1871"]

1. d4 e6 2. e4 c6 3. Nf3 h6 4. g3 g5 5. Bh3 Nf6 6. e5 g4 7. Bxg4 Nxg4 8. Nh4 h5
9. h3 Nh6 10. Bxh6 Bxh6 11. Nc3 Qa5 12. Qd3 b6 13. f4 Na6 14. a3 b5 15. b4 Nxb4
16. Qd1 Nd5 17. O-O Nxc3 18. Qe1 b4 19. axb4 Qxb4 20. Qd2 a5 21. Rf3 Ne2+ 22.
Qxe2 Qxd4+ 23. Kg2 Qxa1 24. Rd3 Ba6 25. Qxh5 Bxd3 26. cxd3 Rb8 27. Kf2 Qd4+ 28.
Kg2 Rb2+ 29. Kh1 Qxd3 30. Ng2 Qf1+ 31. Kh2 Qxg2# 0-1

[Event "AUTO-ADV-1708"]
[Site "http://www.queenalice.com/game.php?id=753576"]
[Date "2010.3.29"]
[Round "1"]
[White "donnybaby"]
[Black "Viper_SB"]
[Result "0-1"]
[WhiteElo "1613"]
[BlackElo "1629"]

1. e3 e5 2. c3 d6 3. h3 Nc6 4. b4 b6 5. Bb5 Bb7 6. a4 a6 7. Bxc6+ Bxc6 8. Bb2
Nf6 9. f3 g6 10. c4 Bg7 11. d4 O-O 12. d5 Bd7 13. g4 c6 14. h4 cxd5 15. cxd5 a5
16. b5 h6 17. g5 Nh7 18. gxh6 Bxh6 19. h5 g5 20. Ne2 Nf6 21. Nd2 Nxd5 22. Qb3
Be6 23. Qd3 Qf6 24. Ba3 Nb4 25. Bxb4 axb4 26. Qxd6 e4 27. fxe4 Qxa1+ 28. Nb1
Qxb1+ 0-1

[Event "AUTO-ADV-1708"]
[Site "http://www.queenalice.com/game.php?id=753577"]
[Date "2010.3.29"]
[Round "1"]
[White "Viper_SB"]
[Black "Toru"]
[Result "0-1"]
[WhiteElo "1654"]
[BlackElo "1928"]

1. b4 e6 2. a3 d5 3. Bb2 Nf6 4. Nf3 Be7 5. d3 O-O 6. c4 dxc4 7. g3 cxd3 8. Qxd3
Qxd3 9. exd3 b6 10. Bg2 Bb7 11. O-O c5 12. bxc5 Bxc5 13. Nbd2 Nbd7 14. Bxf6 Nxf6
15. Ne4 Nxe4 16. dxe4 Bxe4 17. a4 Rad8 18. Ne5 Bxg2 19. Kxg2 Bd4 20. Nc6 Bxa1
21. Nxd8 Rxd8 22. Rxa1 Rd5 23. Kf3 Kf8 24. Ra3 Ke7 25. Ke4 Ra5 26. f4 b5 27. Kd4
Rxa4+ 28. Rxa4 bxa4 29. Kc3 Kd6 30. Kb4 e5 31. fxe5+ Kxe5 32. Kxa4 f5 33. Kb3 g5
34. Kc3 h5 35. Kd3 a5 36. Kc3 f4 37. gxf4+ Kxf4 38. Kb3 g4 39. Ka4 h4 40. Kxa5
g3 41. hxg3+ hxg3 42. Kb4 g2 43. Kc3 g1=Q 44. Kc4 Qb6 45. Kd3 Qb4 46. Kc2 Ke3
47. Kd1 Qb2 48. Ke1 Qb1# 0-1

[Event "AUTO-ADV-1708"]
[Site "http://www.queenalice.com/game.php?id=753578"]
[Date "2010.3.29"]
[Round "1"]
[White "Toru"]
[Black "Viper_SB"]
[Result "1-0"]
[WhiteElo "1914"]
[BlackElo "1660"]

1. d4 d5 2. c4 e6 3. Nf3 dxc4 4. e4 b5 5. a4 c6 6. axb5 cxb5 7. Nc3 Bb4 8. Bd2
Bxc3 9. bxc3 Nf6 10. Bg5 h6 11. Bxf6 Qxf6 12. Be2 O-O 13. O-O e5 14. Nxe5 a6 15.
f4 Nc6 16. Nxc6 Qxc6 17. Bf3 Ra7 18. e5 Qg6 19. d5 Bf5 20. Qd4 Raa8 21. d6 Rab8
22. Rxa6 Bd3 23. Rfa1 b4 24. cxb4 Qe6 25. Ra8 Qd7 26. Rxb8 Rxb8 27. Ra7 Qe8 28.
Bd5 Bg6 29. Qxc4 Rc8 30. Qxc8 Qxc8 31. Ra8 Qxa8 32. Bxa8 Kf8 33. Bc6 Bf5 34. b5
f6 35. b6 Bc8 36. b7 Bxb7 37. Bxb7 fxe5 38. fxe5 Ke8 39. e6 Kd8 40. Bc6 g5 41.
e7+ Kc8 42. e8=Q# 1-0

[Event "AUTO-ADV-1708"]
[Site "http://www.queenalice.com/game.php?id=753579"]
[Date "2010.3.29"]
[Round "1"]
[White "Viper_SB"]
[Black "FabianoSales"]
[Result "0-1"]
[WhiteElo "1622"]
[BlackElo "1954"]

1. e4 e5 2. d3 h6 3. g3 d6 4. Bg2 Nf6 5. Nf3 Be7 6. O-O O-O 7. c4 c5 8. Nc3 Nc6
9. Nd5 Bg4 10. Nxf6+ Bxf6 11. h3 Bxf3 12. Qxf3 Nd4 13. Qg4 Qc8 14. Qd1 a6 15.
Be3 b5 16. Bxd4 cxd4 17. b3 Qe6 18. Qc2 Rab8 19. Rab1 Rfc8 20. Qd2 Bg5 21. f4
exf4 22. gxf4 Bh4 23. cxb5 Rxb5 24. Rbc1 Rxc1 25. Qxc1 Rc5 26. Qd2 d5 27. f5 Qe5
28. Qf4 Qxf4 29. Rxf4 Bg5 30. Rf1 dxe4 31. Bxe4 Be3+ 32. Kg2 Rc2+ 33. Kf3 Rxa2
34. Bd5 Ra5 35. Ke4 Kf8 36. Bc4 Ke7 37. h4 Kd6 38. Kf3 Rxf5+ 39. Ke2 Bf4 40. Rf3
Re5+ 41. Kf2 Be3+ 42. Kg2 f5 43. Bxa6 g5 44. hxg5 hxg5 45. Bc8 f4 46. Kh3 Bd2
47. Rf2 Re3+ 48. Kg4 Rg3+ 49. Kf5 Be3 50. Rf1 f3 51. Ke4 f2 52. Bf5 Rg1 53. Rxf2
Bxf2 54. Kf3 Be3 55. Ke2 Rb1 56. Kf3 Rxb3 57. Kg4 Rb8 58. Be4 Rf8 59. Kg3 Rf1
60. Kg2 Rg1+ 61. Kf3 g4+ 62. Ke2 g3 63. Kf3 Bf2 64. Kg4 Ke5 65. Kf3 Rh1 66. Kg2
Rh8 67. Kf1 Rg8 68. Kg2 Kf4 69. Bb7 Rb8 70. Bd5 Rb2 71. Be4 Be1+ 72. Kf1 g2+ 73.
Bxg2 Bb4 74. Be4 Kg3 75. Bh7 Rb1+ 76. Ke2 Re1# 0-1

[Event "AUTO-ADV-1708"]
[Site "http://www.queenalice.com/game.php?id=753580"]
[Date "2010.3.29"]
[Round "1"]
[White "FabianoSales"]
[Black "Viper_SB"]
[Result "1-0"]
[WhiteElo "1930"]
[BlackElo "1632"]

1. d4 d5 2. c4 e6 3. a3 dxc4 4. Nc3 Nf6 5. e4 b5 6. e5 Nd5 7. Nge2 Nxc3 8. Nxc3
a6 9. Be2 g6 10. O-O Bg7 11. a4 c6 12. Ne4 O-O 13. Bf4 Bb7 14. Qd2 c5 15. Bh6
Qh4 16. Bxg7 Kxg7 17. Nxc5 Bd5 18. Ra3 h6 19. Rh3 Qg5 20. Qxg5 hxg5 21. Rd1 Rh8
22. Rg3 Nc6 23. Rxg5 Rh6 24. Rg3 Rah8 25. h3 bxa4 26. Nxa4 Nb4 27. Nb6 a5 28.
Ra3 Nc6 29. Bxc4 Bxc4 30. Nxc4 Rd8 31. Nd6 Rh4 32. Ra4 f6 33. Rc4 Ne7 34. Kh2
fxe5 35. g3 Rxd4 36. Rcxd4 exd4 37. Rxd4 Rb8 38. Nc4 Nc6 39. Rd6 Nd8 40. Kg2 Kf6
41. Nxa5 Nb7 42. Rb6 g5 43. Nxb7 Kf5 44. Nd6+ Ke5 45. Rxb8 Kxd6 46. f4 gxf4 47.
gxf4 Ke7 48. b4 Kd7 49. h4 Kc7 50. Rg8 Kc6 51. h5 Kb5 52. h6 Kxb4 53. h7 Kc4 54.
h8=Q 1-0

[Event "AUTO-ADV-1349"]
[Site "http://www.queenalice.com/game.php?id=757821"]
[Date "2010.4.7"]
[Round "2"]
[White "Tentarius"]
[Black "Viper_SB"]
[Result "1-0"]
[WhiteElo "2113"]
[BlackElo "1668"]

1. d4 d5 2. c4 e6 3. e3 b6 4. Nf3 Nf6 5. a3 Bb7 6. Nc3 dxc4 7. Bxc4 Bd6 8. O-O
O-O 9. Re1 Bd5 10. Bd3 c5 11. e4 c4 12. Bc2 Ng4 13. exd5 Qc7 14. h3 Nh2 15. Ne5
Bxe5 16. dxe5 exd5 17. Qxd5 Nc6 18. Kxh2 Rad8 19. Qxc4 Rd4 20. Qe2 Rfd8 21. Nb5
Qc8 22. Be4 R4d7 23. Bf5 Qb7 24. Bg5 h6 25. Bxd8 Rxd8 26. Be4 a6 27. Rad1 Rf8
28. Nd4 Nxd4 29. Qd3 Nc6 30. Qd6 Qe7 31. Bxc6 Qxd6 32. exd6 1-0

[Event "AUTO-ADV-1349"]
[Site "http://www.queenalice.com/game.php?id=757822"]
[Date "2010.4.7"]
[Round "2"]
[White "Viper_SB"]
[Black "Tentarius"]
[Result "0-1"]
[WhiteElo "1666"]
[BlackElo "2103"]

1. d4 Nf6 2. e3 g6 3. Nf3 Bg7 4. g3 O-O 5. Bg2 e6 6. O-O d5 7. b3 c5 8. dxc5 Ne4
9. c3 Nxc3 10. Nxc3 Bxc3 11. Rb1 Bb4 12. Bb2 Bxc5 13. h4 Be7 14. Qd4 f6 15. g4
Nc6 16. Qc3 Qa5 17. Qxa5 Nxa5 18. Rbc1 Bd6 19. Bc3 Nc6 20. Nd4 Bd7 21. Nxc6 Bxc6
22. f3 Kf7 23. Kf2 Bb5 24. Rfd1 Ba3 25. Rc2 Rac8 26. Bf1 Bd7 27. Rd4 Rc5 28. Rf4
e5 29. Rxf6+ Kxf6 30. g5+ Kf7 31. Bd3 Rfc8 32. b4 Rxc3 33. Rxc3 Rxc3 0-1

[Event "AUTO-ADV-1349"]
[Site "http://www.queenalice.com/game.php?id=757825"]
[Date "2010.4.7"]
[Round "2"]
[White "Viper_SB"]
[Black "MadScot"]
[Result "0-1"]
[WhiteElo "1628"]
[BlackElo "1870"]

1. d4 d5 2. e3 Nf6 3. Nf3 Bg4 4. Nc3 e6 5. h3 Bxf3 6. Qxf3 Nc6 7. Bb5 Qd7 8. b3
a6 9. Bxc6 Qxc6 10. Bb2 Bb4 11. Kd2 Ne4+ 12. Kd3 Nxc3 13. Bxc3 Qxc3+ 14. Ke2
Qxc2+ 15. Kf1 Bc3 16. Rd1 Qxa2 17. Qe2 Qxe2+ 18. Kxe2 O-O 19. Kd3 Bb4 20. Rc1
Rfc8 21. f4 Kf8 22. g4 Ke7 23. h4 b6 24. Rhf1 c5 25. f5 cxd4 26. Rxc8 Rxc8 27.
Kxd4 Kd6 28. fxe6 fxe6 29. Rd1 Rc3 30. Rd3 e5# 0-1

[Event "AUTO-ADV-1349"]
[Site "http://www.queenalice.com/game.php?id=757826"]
[Date "2010.4.7"]
[Round "2"]
[White "MadScot"]
[Black "Viper_SB"]
[Result "1-0"]
[WhiteElo "1924"]
[BlackElo "1614"]

1. e4 e5 2. Nf3 d6 3. d4 exd4 4. Nxd4 Nc6 5. Nc3 Nxd4 6. Qxd4 c5 7. Qd2 Be6 8.
Bb5+ Bd7 9. Bc4 Nh6 10. O-O g6 11. Qd5 Be6 12. Bb5+ Bd7 13. Qxb7 Bxb5 14. Qxb5+
Qd7 15. Qxd7+ Kxd7 16. Bf4 Bg7 17. Rad1 Rhd8 18. Bxd6 Bd4 19. Bxc5 Kc6 20. Bxd4
a5 21. Be3 Rxd1 22. Rxd1 Ng8 23. f3 Nf6 24. Nd5 Nxd5 25. exd5+ Kd7 26. Kf2 Ra6
27. c4 a4 28. Bd4 h5 29. g3 Ra8 30. b4 f5 31. h3 Rc8 32. c5 Rb8 33. a3 Re8 34.
Re1 Rxe1 35. Kxe1 g5 36. Ke2 1-0

[Event "QA-ANNIV-05"]
[Site "http://www.queenalice.com/game.php?id=758932"]
[Date "2010.4.10"]
[Round "4"]
[White "gardez2005"]
[Black "Viper_SB"]
[Result "1-0"]
[WhiteElo "1938"]
[BlackElo "1617"]

1. e4 e5 2. Nf3 d6 3. d4 exd4 4. Nxd4 Nc6 5. Bb5 a6 6. Nxc6 Qd7 7. Bc4 Qxc6 8.
Bd5 Qd7 9. O-O g6 10. Re1 c6 11. Bb3 Bg7 12. c3 b5 13. Bf4 Nf6 14. Bxd6 Ra7 15.
e5 Nd5 16. Qf3 Qe6 17. Nd2 Qf5 18. Bxd5 cxd5 19. Qxd5 Qe6 20. Qxe6+ Bxe6 21. Ne4
Rd7 22. Nc5 Ra7 23. Nxe6 fxe6 24. Rad1 Kf7 25. Bc5 Rc7 26. b4 Rhc8 27. Rd3 h5
28. f4 Bh6 29. g3 Bf8 30. Bxf8 Kxf8 31. Ree3 Ke7 32. Kf2 Rd8 33. Rxd8 Kxd8 34.
Rd3+ Ke7 35. Ke3 Rd7 36. Rxd7+ Kxd7 37. Kd4 Kc6 38. h3 Kb6 39. g4 hxg4 40. hxg4
Kc6 41. a3 Kb6 42. c4 bxc4 43. Kxc4 Kc6 44. a4 Kb6 45. Kd4 a5 46. b5 Kb7 47. Kc5
1-0

[Event "QA-ANNIV-04"]
[Site "http://www.queenalice.com/game.php?id=762121"]
[Date "2010.4.16"]
[Round "8"]
[White "RIVAS"]
[Black "Viper_SB"]
[Result "1-0"]
[WhiteElo "1958"]
[BlackElo "1619"]

1. e4 e5 2. f4 exf4 3. Nf3 d6 4. d4 Bg4 5. Bc4 g6 6. O-O Bg7 7. Bxf4 Nc6 8.
Bxf7+ Kf8 9. c3 Bxf3 10. Qxf3 Nf6 11. Bb3 Qd7 12. Bh6 Qe7 13. Bg5 Re8 14. Bxf6
Qxf6 15. Qd3 Qxf1+ 16. Qxf1+ Ke7 17. Qf7+ Kd8 18. Qxg7 Ne7 19. Nd2 a5 20. Rf1 h5
21. Nf3 Rhg8 22. Bxg8 Rxg8 23. Qf6 Ke8 24. Ng5 Kd8 25. Ne6+ Kd7 26. Qf7 Ra8 27.
Nf8+ Kc6 28. Qxe7 1-0

[Event "Challenge"]
[Site "http://www.queenalice.com/game.php?id=768275"]
[Date "2010.4.29"]
[Round "-"]
[White "Viper_SB"]
[Black "Fittipaldi"]
[Result "1-0"]
[WhiteElo "1610"]
[BlackElo "1686"]

1. d4 c5 2. dxc5 e6 3. Be3 Nc6 4. Nc3 Qa5 5. Qd2 Nf6 6. g3 d5 7. Bd4 e5 8. Bxe5
Nxe5 9. e3 Bxc5 10. Bg2 Be6 11. a3 Nc4 12. Qc1 Ne4 13. Ne2 Nxf2 14. Rf1 Bxe3 15.
Qb1 Nd2 16. Qa2 d4 17. b4 Qe5 18. Nd5 Rd8 19. Rxf2 Bxf2+ 20. Kxf2 Rxd5 21. Bxd5
Bxd5 22. c4 Qe3+ 23. Ke1 Nf3+ 24. Kd1 Qd3+ 25. Kc1 Bxc4 26. Qc2 O-O 27. Qxd3
Bxd3 28. Nf4 Rc8+ 29. Kd1 Be4 30. Rc1 Rxc1+ 31. Kxc1 d3 32. Nh3 1-0

[Event "QA-ANNIV-05"]
[Site "http://www.queenalice.com/game.php?id=793686"]
[Date "2010.6.23"]
[Round "5"]
[White "Viper_SB"]
[Black "MadScot"]
[Result "1-0"]
[WhiteElo "1644"]
[BlackElo "1946"]

1. Nf3 d5 2. d4 Nf6 3. Bg5 e6 4. e3 Be7 5. Ne5 O-O 6. c4 dxc4 7. Bxc4 Nbd7 8.
Nxd7 Nxd7 9. Bxe7 Qxe7 10. O-O b6 11. a3 Bb7 12. Nd2 Nf6 13. Bd3 Rac8 14. b4
Rfd8 15. Qe2 c5 16. Nf3 Bxf3 17. Qxf3 cxd4 18. Ba6 Rc7 19. Rac1 dxe3 20. Qxe3
Rcd7 21. h4 Nd5 22. Qg3 Qf6 23. Bb5 Rc7 24. Rxc7 1-0

[Event "QA-ANNIV-04"]
[Site "http://www.queenalice.com/game.php?id=808016"]
[Date "2010.7.24"]
[Round "9"]
[White "Viper_SB"]
[Black "gilcesar"]
[Result "0-1"]
[WhiteElo "1672"]
[BlackElo "1971"]

1. e3 e5 2. d4 exd4 3. Qxd4 Nc6 4. Qe4+ Be7 5. Nc3 Nb4 6. Bc4 Nf6 7. Qd3 Nxd3+
8. Bxd3 d5 9. Nce2 c5 10. Nf3 c4 11. Bxc4 dxc4 12. O-O O-O 13. c3 Bg4 14. Ned4
Bxf3 15. Nxf3 Qd3 16. a4 Bd6 17. g3 Rfe8 18. Bd2 Qe2 19. Kg2 Ne4 20. Rad1 Bc5
21. Nd4 Bxd4 22. cxd4 Nxd2 23. Rfe1 Qf3+ 24. Kg1 Ne4 25. Rf1 Nxf2 26. Rxf2 Qxd1+
0-1

[Event "QA-ANNIV-05"]
[Site "http://www.queenalice.com/game.php?id=885869"]
[Date "2011.1.13"]
[Round "7"]
[White "Viper_SB"]
[Black "serrameira"]
[Result "0-1"]
[WhiteElo "1664"]
[BlackElo "1925"]

1. d4 d5 2. e3 Nc6 3. Nf3 Bf5 4. a3 f6 5. Bd3 Qd7 6. Bxf5 Qxf5 7. O-O O-O-O 8.
Nc3 e5 9. Nh4 Qe6 10. Nb5 Be7 11. g3 g5 12. Ng2 e4 13. c4 dxc4 14. Bd2 a6 15.
Nc3 Na5 16. Nxe4 Qxe4 17. Bxa5 Qd5 18. Bc3 Nh6 19. Qe2 f5 20. f3 Rhe8 21. Rac1
b5 22. Bb4 Bxb4 23. axb4 Re6 24. Rfe1 Rf8 25. Rcd1 Rfe8 26. Kf2 Nf7 27. Rd2 Nd8
28. h3 Nc6 29. h4 h6 30. Qd1 Nxb4 31. Rde2 Nd3+ 32. Kg1 Nxe1 33. Rxe1 c5 34.
dxc5 Qxc5 35. Qc1 gxh4 36. Kh2 hxg3+ 37. Kxg3 Rg8+ 38. Kf2 Qd6 39. Nf4 Re7 40.
Rg1 Rxg1 41. Qxg1 Qd2+ 42. Ne2 Qxe3+ 0-1

[Event "QA-ANNIV-05"]
[Site "http://www.queenalice.com/game.php?id=921144"]
[Date "2011.4.3"]
[Round "8"]
[White "thw"]
[Black "Viper_SB"]
[Result "1-0"]
[WhiteElo "1851"]
[BlackElo "1658"]

1. e4 e5 2. Nf3 d6 3. h3 Nf6 4. Bc4 Nxe4 5. d3 Nc5 6. O-O g6 7. Be3 Ne6 8. d4
Bg7 9. dxe5 Bxe5 10. Nxe5 dxe5 11. Qxd8+ Nxd8 12. Nc3 Ndc6 13. Nd5 Na6 14. Bxa6
bxa6 15. Nf6+ Ke7 16. Nd5+ Kd6 17. Rad1 Rb8 18. b3 Be6 19. Nb4+ Nd4 20. c3 a5
21. Nc2 Ke7 22. cxd4 exd4 23. Nxd4 Rbd8 24. Nxe6 Rxd1 25. Rxd1 fxe6 26. Bxa7 Rd8
27. Rxd8 Kxd8 28. Be3 Kd7 29. Kf1 Kd6 30. Ke2 Kd5 31. Kd3 c5 32. f3 e5 33. a3 h5
34. g4 hxg4 35. fxg4 e4+ 36. Kc3 1-0

[Event "QA-ANNIV-05"]
[Site "http://www.queenalice.com/game.php?id=953483"]
[Date "2011.6.24"]
[Round "9"]
[White "Viper_SB"]
[Black "rhsatrhs"]
[Result "0-1"]
[WhiteElo "1650"]
[BlackElo "1943"]

1. d4 Nf6 2. e3 g6 3. Nf3 Bg7 4. Bd3 O-O 5. O-O d6 6. c4 Nbd7 7. Nc3 e5 8. dxe5
dxe5 9. e4 c6 10. b4 a5 11. Ba3 Re8 12. bxa5 Qxa5 13. Bb2 Nb6 14. Ne2 Ng4 15. h3
Nh6 16. Nc1 Qb4 17. Nb3 Nxc4 18. Qc2 Nxb2 19. Qxb2 Qb6 20. Rab1 f6 21. Nbd2 Qc7
22. Qb3+ Nf7 23. Bc4 b5 24. Bxf7+ Qxf7 25. Qxf7+ Kxf7 26. Rb2 Be6 27. Nb3 Ra6
28. Nc5 Rxa2 29. Rxa2 Bxa2 30. Nb7 Bf8 31. g4 Bb4 32. Rc1 Rc8 33. Kg2 Ke7 34. g5
Rc7 35. gxf6+ Kxf6 36. Nd8 c5 37. Kg3 Bb3 38. Kg4 h6 39. h4 c4 40. Nh2 Ke7 41.
h5 gxh5+ 42. Kxh5 Kxd8 43. Kxh6 Bd2+ 44. Kg6 Bxc1 45. Kf5 Rf7+ 0-1

[Event "QA-ANNIV-05"]
[Site "http://www.queenalice.com/game.php?id=983025"]
[Date "2011.9.9"]
[Round "10"]
[White "Viper_SB"]
[Black "Nelsonbento"]
[Result "0-1"]
[WhiteElo "1646"]
[BlackElo "1447"]

1. d4 e6 2. e4 d5 3. e5 g5 4. g3 h5 5. Nc3 c6 6. Bg2 a5 7. Nf3 Be7 8. a3 b5 9.
b3 Bb7 10. Bb2 f6 11. Qe2 Nd7 12. exf6 Bxf6 13. Qxe6+ Qe7 14. Qxe7+ Nxe7 15. O-O
O-O-O 16. Ne2 Nf5 17. c4 dxc4 18. bxc4 Rhe8 19. Rae1 bxc4 20. a4 c5 21. Ne5 Bxg2
22. Kxg2 Nb6 23. Bc3 Nxa4 24. Bxa5 Rd5 25. Nxc4 cxd4 26. Nxd4 Rxe1 27. Rxe1 Rxd4
28. Nb6+ Kb7 29. Nxa4 Rxa4 30. Bd2 h4 31. Re6 Bd4 32. Be3 g4 33. gxh4 Bxe3 34.
fxe3 Nxh4+ 35. Kg3 Nf5+ 36. Kg2 Ra2+ 37. Kf1 Rxh2 38. Kg1 g3 39. Rg6 Rh3 40. e4
Ne3 41. Rxg3 Rxg3+ 42. Kf2 Nf1 43. Kxf1 Re3 44. Kf2 Rxe4 0-1